|
|
|
|
| LEADER |
00000cam a22000004a 4500 |
| 001 |
musev2_7718 |
| 003 |
MdBmJHUP |
| 005 |
20230905040901.0 |
| 006 |
m o d |
| 007 |
cr||||||||nn|n |
| 008 |
070504s2007 nyu o 00 0 eng d |
| 010 |
|
|
|z 2007018424
|
| 020 |
|
|
|a 9780814753408
|
| 020 |
|
|
|z 081475340X
|
| 020 |
|
|
|z 9780814752227
|
| 020 |
|
|
|z 0814752225
|
| 035 |
|
|
|a (OCoLC)194367542
|
| 040 |
|
|
|a MdBmJHUP
|c MdBmJHUP
|
| 050 |
0 |
4 |
|a PS217.G75
|b L83 2007
|
| 082 |
0 |
|
|a 810.9/353
|2 22
|
| 100 |
1 |
|
|a Luciano, Dana.
|
| 245 |
1 |
0 |
|a Arranging Grief :
|b Sacred Time and the Body in Nineteenth-Century America /
|c Dana Luciano.
|
| 264 |
|
1 |
|a New York :
|b New York University Press,
|c 2007.
|
| 264 |
|
3 |
|a Baltimore, Md. :
|b Project MUSE,
|c 2012
|
| 264 |
|
4 |
|c ©2007.
|
| 300 |
|
|
|a 1 online resource (368 pages).
|
| 336 |
|
|
|a text
|b txt
|2 rdacontent
|
| 337 |
|
|
|a computer
|b c
|2 rdamedia
|
| 338 |
|
|
|a online resource
|b cr
|2 rdacarrier
|
| 504 |
|
|
|a Includes bibliographical references (p. 321-337) and index.
|
| 505 |
0 |
|
|a Introduction: Tracking the tear -- Moments more concentrated than hours : grief and the textures of time -- Evocations : the romance of Indian lament -- Securing time : maternal melancholia and sentimental domesticity -- Slavery's ruins and the countermonumental impulse -- Representative mournfulness : nation and race in the time of Lincoln -- Coda : everyday grief.
|
| 588 |
|
|
|a Description based on print version record.
|
| 650 |
|
0 |
|a Grief
|x Political aspects.
|
| 650 |
|
0 |
|a Grief
|x Philosophy.
|
| 650 |
|
0 |
|a Sentimentalism in literature.
|
| 650 |
|
0 |
|a Time in literature.
|
| 650 |
|
0 |
|a Grief in literature.
|
| 650 |
|
0 |
|a American literature
|y 19th century
|x History and criticism.
|
| 655 |
|
7 |
|a Electronic books.
|2 local
|
| 710 |
2 |
|
|a Project Muse.
|e distributor
|
| 830 |
|
0 |
|a Book collections on Project MUSE.
|
| 856 |
4 |
0 |
|z Texto completo
|u https://projectmuse.uam.elogim.com/book/7718/
|
| 945 |
|
|
|a Project MUSE - Custom Collection
|
| 945 |
|
|
|a Project MUSE - Archive Complete Foundation
|
| 945 |
|
|
|a Project MUSE - Archive Literature Foundation
|